000 01275nam a22003737a 4500
001 BR8101964
003 BR-BrBNA
005 20230928090936.0
007 ta
008 230509b bl.||||| |||| 00| 0 por d
040 _aBR-BrBNA
_bpor
_cBiblioteca Nacional de Agricultura
041 _a(Por)
072 _aE15; L00
_b9410
_b/G515
090 _ 9410 BR8101964
100 1 _aCosta, B.A.
110 1 _aEscola Superior de Agricultura de Lavras, MG (Brasil)
_0Tese (Mestrado)
245 1 _aAspectos tecnicos e economicos administrativos e de comunicacao associadas a produtividade de leite na regiao de Feira de Santana-Bahia [Brasil]
246 1 _a[Technical, economic, administrative and communication aspects associated to milk productiveness in the area of Feira de Santana-Bahia [Brazil]]
260 3 _aLavras, MG (Brasil):
_c1980.
300 _a81 p.
500 _a24 tables; Summaries (Eng, Por); 34 ref.
650 _aMicroeconomia
650 _aProducao animal
650 _aLeite
650 _aEconomia agricola
650 _aEconomia da producao
650 _aAdministracao rural
650 _aComunicacao
650 _aRendimento
650 _aFeira de Santana
650 _aBahia
909 _a202309
_bLucia
_c55
_dLucia Elande
942 _cBK
999 _c31381
_d31381